Defoliation responses of little bluestem at the organism and population level.
| Main Author: | |
|---|---|
| Other Authors: | , , |
| Format: | Thesis Book |
| Language: | English |
| Published: |
1982.
|
| Subjects: | |
| Online Access: | Link to ProQuest Copy Link to OAKTrust copy ProQuest, Abstract |
MARC
| Tag | First Indicator | Second Indicator | Subfields |
|---|---|---|---|
| LEADER | 00000ctm a2200000Ia 4500 | ||
| 001 | in00000379213 | ||
| 005 | 20220104090137.0 | ||
| 008 | 831010s1982 xx a bm 000 0 eng d | ||
| 035 | |9 ABQ4537AM | ||
| 035 | |a (OCoLC)09996944 | ||
| 035 | |a (OCoLC)9996944 | ||
| 035 | |a (OCoLC)ocm09996944 | ||
| 040 | |a TXA |b eng |c TXA |d OCL |d OCLCQ |d OCLCF |d OCLCO |d OCLCQ |d UMI |d TXA | ||
| 049 | |a TXAM | ||
| 100 | 1 | |a Carman, John Griffith | |
| 245 | 1 | 0 | |a Defoliation responses of little bluestem at the organism and population level. |
| 264 | 1 | |c 1982. | |
| 300 | |a x, 110 leaves : |b illustrations ; |c 29 cm | ||
| 336 | |a text |b txt |2 rdacontent | ||
| 337 | |a unmediated |b n |2 rdamedia | ||
| 338 | |a volume |b nc |2 rdacarrier | ||
| 500 | |a "Major subject: Genetics." | ||
| 500 | |a Typescript (photocopy). | ||
| 500 | |a Vita. | ||
| 502 | |b Ph. D. in Philosophy |c Texas A & M University |d 1982 | ||
| 504 | |a Includes bibliographical references (leaves 88-95). | ||
| 520 | 3 | |a Little bluestem (Schizachyrium scoparium (Michx.) Nash var. frequens F. T. Hubb) is a highly polymorphic perennial grass of North America. The studies described here deal with various effects of defoliation on little bluestem at the organism and population level. The intent was to (1) clarify the effects of differential defoliation on root initiation and root and leaf elongation of dependent tillers, (2) evaluate the effects of defoliation on four genotypes of little bluestem differing in plant height and tillering rate, (3) evaluate the long-term effects of defoliation on populations as measured by morphological and allozymic comparisons of long-term grazed and nongrazed populations and (4) evaluate the extent of apomixis in the genus Schizachyrium. It was found that the portion of the grass-shoot system defoliated has a pronounced effect on subsequent growth of dependent tillers. Uniform defoliation of all plant shoots decreased the rate of root elongation and increased the rate of leaf elongation of dependent tillers in comparison to untreated plants. These effects were not as pronounced when only a parent-shoot or dependent tiller was defoliated. Genotypes with a high rate of tillering supported 4-7 leaf stage tillers with significantly wider leaves, fewer and shorter roots, and less shoot regrowth after defoliation. The tall genotypes supported tillers with significantly fewer roots, but with greater root elongation after defoliation. These results demonstrated the significant amount of genetic variability in growth form and response to defoliation which can arise from a single sexual generation of this highly outcrossing species. | |
| 650 | 0 | |a Defoliation. | |
| 650 | 0 | |a Veld grass. | |
| 650 | 4 | |a Genetics | |
| 655 | 7 | |a Academic theses |2 lcgft | |
| 700 | 1 | |a Bashaw, Elexis C., |e degree committee member. | |
| 700 | 1 | |a Briske, David D., |e degree supervisor. | |
| 700 | 1 | |a Hatch, Stephan L., |e degree committee member. | |
| 700 | 1 | |a Kothmann, M. M., |e degree committee member. | |
| 710 | 2 | |a Texas A & M University, |e degree granting institution. | |
| 856 | 4 | 1 | |u http://proxy.library.tamu.edu/login?url=http://proquest.umi.com/pqdweb?did=751726571&sid=1&Fmt=2&clientId=2945&RQT=309&VName=PQD |z Link to ProQuest Copy |t 0 |
| 856 | 4 | 1 | |u https://hdl.handle.net/1969.1/DISSERTATIONS-384202 |z Link to OAKTrust copy |t 0 |
| 856 | 4 | 2 | |3 ProQuest, Abstract |u http://gateway.proquest.com/openurl?url_ver=Z39.88-2004&rft_val_fmt=info:ofi/fmt:kev:mtx:dissertation&res_dat=xri:pqm&rft_dat=xri:pqdiss:8306760 |t 0 |
| 994 | |a C0 |b TXA | ||
| 999 | f | f | |s 4426514d-5075-3073-8e0a-3b1dbb7da6cc |i c4046bc9-76bb-35ed-a0f2-1d6e1625dc3c |t 0 |
| 952 | f | f | |p noncirc |a Texas A&M University |b J.J. Pickle Campus |c High Density Repository |s HDR |d Remote Storage |t 0 |e 1982 Dissertation C287 |h Other scheme |i unmediated -- volume |m A14841014293 |
| 952 | f | f | |a Texas A&M University |b College Station |c Electronic Resources |s www_evans |d Available Online |t 0 |e 1982 Dissertation C287 |h Other scheme |
| 998 | f | f | |a 1982 Dissertation C287 |t 0 |l Available Online |
| 998 | f | f | |a 1982 Dissertation C287 |t 0 |l Remote Storage |